La casa sostenible: guía imprescindible para construir, reformar y decorar de forma ecológica
Na minha lista:
| Autor principal: | |
|---|---|
| Formato: | Livro |
| Idioma: | espanhol |
| Publicado em: |
Barcelona
Océano
2009
|
| Assuntos: | |
| Tags: |
Adicionar Tag
Sem tags, seja o primeiro a adicionar uma tag!
|
MARC
| LEADER | 00000cam a2200000 a 4500 | ||
|---|---|---|---|
| 001 | UCF1856 | ||
| 003 | CL-VaPUC | ||
| 008 | 120727e20090000SP |||||||||||||||||spa|d | ||
| 020 | |a 9788475565842 | ||
| 082 | 0 | 4 | |a 711.42 |b STR |2 21 |
| 100 | 0 | |a Strongman, Cathy |e author |9 563376 | |
| 245 | 1 | 3 | |a La casa sostenible: guía imprescindible para construir, reformar y decorar de forma ecológica |
| 300 | |a 207 p | ||
| 942 | |c BK | ||
| 945 | |d 20120727 00:00:00 |a dcastane | ||
| 260 | |a Barcelona |b Océano |c 2009 | ||
| 650 | 0 | |a Arquitectura orgánica |9 332355 | |
| 650 | 0 | |a Ecología |9 258124 | |
| 650 | 0 | |a Arquitectura y sociedad |9 265229 | |
| 583 | |a last modification |c 20120727 13:37:00 |k Rodrigo Vera | ||
| 999 | |c 348544 |d 348542 | ||
| 952 | |0 0 |1 0 |4 0 |6 711_420000000000000_STR_2009 |7 0 |8 A |9 450594 |a BIBING |b BIBING |d 2019-11-22 |i 4873408 |o 711.42 STR 2009 |p 4873408 |r 2025-01-20 |w 2019-11-22 |y BK |k CUI | ||